<?xml version="1.0" encoding="UTF-8"?>
<marc:record xmlns:marc="http://www.loc.gov/MARC21/slim">
   <marc:leader>00000nam a2200000 a 4500</marc:leader>
   <marc:datafield ind1="1" ind2=" " tag="100">
      <marc:subfield code="a">Kasten, Mona</marc:subfield>
      <marc:subfield code="4">aut</marc:subfield>
      <marc:subfield code="e">Verfasser/-in</marc:subfield>
   </marc:datafield>
   <marc:datafield ind1=" " ind2=" " tag="653">
      <marc:subfield code="a">Jugendbuch</marc:subfield>
   </marc:datafield>
   <marc:datafield ind1=" " ind2=" " tag="653">
      <marc:subfield code="a">Jugendbücher ab 12 Jahre</marc:subfield>
   </marc:datafield>
   <marc:datafield ind1=" " ind2=" " tag="653">
      <marc:subfield code="a">Erzählende Literatur</marc:subfield>
   </marc:datafield>
   <marc:datafield ind1="0" ind2="0" tag="245">
      <marc:subfield code="a">Save you</marc:subfield>
   </marc:datafield>
   <marc:datafield ind1="0" ind2="0" tag="245">
      <marc:subfield code="b">Roman</marc:subfield>
   </marc:datafield>
   <marc:datafield ind1="0" ind2="0" tag="245">
      <marc:subfield code="c">Kasten, Mona</marc:subfield>
   </marc:datafield>
   <marc:datafield ind1=" " ind2="1" tag="264">
      <marc:subfield code="a">Köln</marc:subfield>
      <marc:subfield code="b">LYX</marc:subfield>
      <marc:subfield code="c">2023</marc:subfield>
   </marc:datafield>
   <marc:datafield ind1="1" ind2=" " tag="490">
      <marc:subfield code="a">Maxton Hall</marc:subfield>
      <marc:subfield code="v">2</marc:subfield>
   </marc:datafield>
   <marc:datafield ind1=" " ind2=" " tag="250">
      <marc:subfield code="a">Special edition</marc:subfield>
   </marc:datafield>
   <marc:datafield ind1="1" ind2=" " tag="520">
      <marc:subfield code="a">Die Special Edition von SAVE YOU:&#xD;
&#xD;
- Limitierte Special Edition&#xD;
- Hardcover mit Leinenhaptik&#xD;
- Motivfarbschnitt&#xD;
- Neue Coveroptik mit besonderen, mit Goldfolie veredelten Elementen&#xD;
- Wunderschöne Vor- und Nachsatzillustrationen&#xD;
&#xD;
&#xD;
»Du hast mir das verdammte Herz rausgerissen. Und ich hasse dich dafür.&#xD;
&#xD;
Aber ich liebe dich auch, und das macht das Ganze so viel schwerer.«&#xD;
&#xD;
Ruby ist am Boden zerstört. Noch nie hatte sie für jemanden so tiefe Gefühle wie für James. Und noch nie wurde sie so verletzt. Sie wünscht sich ihr altes Leben zurück ― als sie auf dem Maxton Hall College niemand kannte und sie kein Teil der elitären und verdorbenen Welt ihrer Mitschüler war. Doch sie kann James nicht vergessen. Vor allem nicht, als dieser alles daransetzt, sie zurückzugewinnen ...&#xD;
&#xD;
Band 2 der Platz-1-SPIEGEL-Bestseller-Reihe MAXTON HALL</marc:subfield>
   </marc:datafield>
   <marc:datafield ind1=" " ind2=" " tag="020">
      <marc:subfield code="a">9783736324008</marc:subfield>
      <marc:subfield code="9">9783736324008</marc:subfield>
   </marc:datafield>
   <marc:datafield ind1=" " ind2=" " tag="020">
      <marc:subfield code="a">3736324006</marc:subfield>
      <marc:subfield code="9">3736324006</marc:subfield>
   </marc:datafield>
   <marc:datafield ind1=" " ind2=" " tag="041">
      <marc:subfield code="a">ger</marc:subfield>
   </marc:datafield>
   <marc:datafield ind1="0" ind2=" " tag="490">
      <marc:subfield code="v">2</marc:subfield>
   </marc:datafield>
   <marc:datafield ind1="1" ind2=" " tag="521">
      <marc:subfield code="a">Jugend</marc:subfield>
   </marc:datafield>
   <marc:datafield ind1=" " ind2=" " tag="338">
      <marc:subfield code="a">Band</marc:subfield>
   </marc:datafield>
   <marc:datafield ind1=" " ind2=" " tag="300">
      <marc:subfield code="a">370 Seiten</marc:subfield>
   </marc:datafield>
</marc:record>
